书目信息 |
| 题名: |
深基坑工程设计施工手册
|
|
| 作者: | 龚晓南 编 | |
| 分册: | ||
| 出版信息: | 北京 中国建筑工业出版社 1998.07 |
|
| 页数: | 811页 | |
| 开本: | 16开 | |
| 丛书名: | ||
| 单 册: | ||
| 中图分类: | ||
| 科图分类: | ||
| 主题词: | 建筑材料:有机材料 , 建筑化工材料 | |
| 电子资源: | ||
| ISBN: | 7-112-03473-6 | |
| 000 | 00635nam0 2200217 45 | |
| 001 | 9912160876 | |
| 005 | 20010316162845.7 | |
| 010 | @a7-112-03473-6@d71.00元 | |
| 100 | @a19991216d1998 km y0chiy0120 ea | |
| 101 | @achi | |
| 105 | @a z 000yy | |
| 200 | 1 | @a深基坑工程设计施工手册@AShen Ji Keng Gong Cheng She Ji Shi Gong Shou Ce@f龚晓南编@FGong Xiao Nan Bian |
| 210 | @a北京@c中国建筑工业出版社@d1998.07 | |
| 215 | @a811页@d16开 | |
| 606 | 0 | @a建筑材料:有机材料 |
| 606 | 0 | @a建筑化工材料 |
| 690 | @v3 | |
| 690 | @aTU53-62@v3 | |
| 701 | @a龚晓南@4编 | |
| 801 | @aCN@bPFTUser@c19991216 | |
| 905 | @dTU53-62@eG568@b329784-786@f3 | |
| 深基坑工程设计施工手册/龚晓南编.-北京:中国建筑工业出版社,1998.07 |
| 811页;16开 |
| ISBN 7-112-03473-6:71.00元 |
| ● |
| 相关链接 |
|
|
|
正题名:深基坑工程设计施工手册
索取号:TU53-62/G568
 
预约/预借
| 序号 | 登录号 | 条形码 | 馆藏地/架位号 | 状态 | 备注 |
| 1 | 329784 | 203297841 | 自科二线404/404自科库 1排2列2层/ [索取号:TU53-62/G568] | 在馆 | |
| 2 | 329785 | 203297850 | 建筑库201/201建筑库 9排1列2层/ [索取号:TU53-62/G568] | 在馆 | |
| 3 | 329786 | 203297869 | 建筑库201/201建筑库 9排1列2层/ [索取号:TU53-62/G568] | 在馆 |